00879nam a22002537a 450000500170000001000130001702000230003003500130005303700160006604000120008208200130009410000260010724500740013326000450020727000470025230000240029950000330032365000290035665000330038570000250041894200220044399900190046595201410048420170124110204.0 aA-939285 c250.00a8120313208 aA-939285 bCen Lib/Ret aDPLbEN a006bVIL aVillami, John 936951 aMultimedia :cby John Villamil [and] Louis Molina ban introduction / aNew DelhibPrentice hall of India c1998 bNew DelhiaM-97, Connaught circus e110001 axii,194p.c25cm(Hb) aIncludes glossary and index  aComputer science 972832 aMultimedia technology972833 aMolina, Louis936954 2ddccENh006mVIL c133141d133141 00104070aLbLd2015-07-24eCen Lib/Retg250.00l1m1o006.5 VILpA-939285r2020-12-11 00:00:00s2020-11-19t1v250.00w2015-07-24yEN